Statistics for How well do you know twenty one pilots?

Click here to take the quiz!

General Stats

  • This quiz has been taken 2,271 times
  • The average score is 8 of 15

Answer Stats

Hint Answer % Correct
Which band member is most frequently kicked out of the band?Josh
81%
Fill in the blank! "My name's __________ and I care what you think."Blurryface
80%
Which blurryface song is a love song?Tear in my Heart
78%
What fast-food place is the band obsessed with?Taco bell
77%
Name the song! "Am I the only one I know / Waging my wars behind my face and above my throat"Migraine
64%
Fill in the blanks! "This is not ___, this is not ___ ___, just another attempt to make the voices ____."Rap, hip hop, stop
62%
Name the song! "These lyrics aren't for everyone / Only few understand"Message Man
57%
Name 2 instruments Josh Dun plays (on stage)Drums, trumpet
57%
Fill in the blank! (from a happy wheels YouTube video...) "Use your ______!"Glutes
52%
Fill in the blank! "_____ to the local dreamer"Power
48%
Name the song! "You are tired / You are hurt / A moth ate through your favorite shirt"The Pantaloon
42%
Josh Dun loves what animal?Cats
41%
Fill in the blanks! "I'm a _______ ______ whose trial was filed as a crazy suicidal ____ ____"Walking denial, head case
16%
What does the symbol "|-/" stand for?Create something
5%
Name at least 3 instruments Tyler Joseph plays (on stage)Bass guitar, ukulele, piano, and vocals
1%

Score Distribution

Percentile by Number Answered

Percent of People with Each Score

Your Score History

You have not taken this quiz